Statistics for Most Popular Destinations for British Citizens

Click here to take the quiz!

General Stats

  • This quiz has been taken 631 times
  • The average score is 17 of 20

Answer Stats

# of VisitorsCountry% Correct
11.81 milFrance
99%
12.79 milSpain
99%
4.55 milUnited States
99%
2.42 milGermany
97%
4.47 milItaly
97%
0.73 milCanada
95%
2.10 milPortugal
92%
3.55 milIreland
91%
2.40 milGreece
90%
1.86 milNetherlands
89%
1.03 milBelgium
87%
1.11 milChina
86%
0.84 milIndia
86%
2.51 milTurkey
86%
0.88 milAustria
78%
1.14 milPoland
78%
0.90 milEgypt
74%
0.95 milThailand
65%
1.00 milUnited Arab Emirates
52%
1.04 milCyprus
43%

Score Distribution

Percentile by Number Answered

Percent of People with Each Score

Your Score History

You have not taken this quiz